Normal view
MARC view
- Zaeem Anwaar
Entry Personal Name
001 - CONTROL NUMBER
- control field: 106777
003 - CONTROL NUMBER IDENTIFIER
- control field: NUST
005 - DATE AND TIME OF LATEST TRANSACTION
- control field: 20230107121452.0
008 - FIXED-LENGTH DATA ELEMENTS
- fixed length control field: 230107|| aca||aabn | a|a d
040 ## - CATALOGING SOURCE
- Original cataloging agency: NUST
- Transcribing agency: NUST
100 ## - HEADING--PERSONAL NAME
- Personal name: Zaeem Anwaar
670 ## - SOURCE DATA FOUND
- Source citation: Work cat.: (NUST): Zaeem Anwaar, TH-SOF-2117-Management and Recommendation of Code Review Using Multi-Objective Optimization Algorithm, 2022.
